The fifth mountain / (Record no. 12711)
[ view plain ]
| 000 -LEADER | |
|---|---|
| fixed length control field | 00885nam a2200301 a 4500 |
| 001 - CONTROL NUMBER | |
| control field | 12711 |
| 003 - CONTROL NUMBER IDENTIFIER | |
| control field | BD-JhCC |
| 005 - DATE AND TIME OF LATEST TRANSACTION | |
| control field | 20230508195254.0 |
| 008 - FIXED-LENGTH DATA ELEMENTS--GENERAL INFORMATION | |
| fixed length control field | 23 s20211998xna 000 1 eng d |
| 020 ## - INTERNATIONAL STANDARD BOOK NUMBER | |
| International Standard Book Number | 9788127735147 |
| 035 ## - SYSTEM CONTROL NUMBER | |
| System control number | (BD-JhCC)12711 |
| 040 ## - CATALOGING SOURCE | |
| Original cataloging agency | ANB:REV |
| Language of cataloging | eng |
| Transcribing agency | ANB:REV |
| Modifying agency | XNLS |
| 041 1# - LANGUAGE CODE | |
| Language code of text/sound track or separate title | eng |
| Language code of original | por |
| 042 ## - AUTHENTICATION CODE | |
| Authentication code | anuc |
| 082 00 - DEWEY DECIMAL CLASSIFICATION NUMBER | |
| Classification number | 869.3 |
| Edition number | 21 |
| Item number | COE 2021 |
| 100 1# - MAIN ENTRY--PERSONAL NAME | |
| Personal name | Coelho, Paulo. |
| 240 10 - UNIFORM TITLE | |
| Uniform title | Quinta montanha. |
| Language of a work | English |
| 245 14 - TITLE STATEMENT | |
| Title | The fifth mountain / |
| Statement of responsibility, etc. | Paulo Coelho ; translated by Clifford E. Landers. |
| 246 3# - VARYING FORM OF TITLE | |
| Title proper/short title | 5th mountain |
| 260 ## - PUBLICATION, DISTRIBUTION, ETC. | |
| Place of publication, distribution, etc. | Pymble, N.S.W. : |
| Name of publisher, distributor, etc. | HarperCollins, |
| Date of publication, distribution, etc. | 2021 |
| 300 ## - PHYSICAL DESCRIPTION | |
| Extent | ix, 245 p. ; |
| Dimensions | 21 cm. |
| 600 00 - SUBJECT ADDED ENTRY--PERSONAL NAME | |
| Personal name | Elijah |
| Titles and other words associated with a name | (Biblical prophet) |
| General subdivision | Fiction. |
| 630 00 - SUBJECT ADDED ENTRY--UNIFORM TITLE | |
| Uniform title | Bible. |
| Name of part/section of a work | Old Testament |
| General subdivision | Fiction. |
| 655 #7 - INDEX TERM--GENRE/FORM | |
| Genre/form data or focus term | Bible stories. |
| Source of term | lcsh |
| 655 #7 - INDEX TERM--GENRE/FORM | |
| Genre/form data or focus term | Religious fiction . |
| Source of term | lcsh |
| 700 1# - ADDED ENTRY--PERSONAL NAME | |
| Personal name | Landers, Clifford E. |
| 942 ## - ADDED ENTRY ELEMENTS (KOHA) | |
| Source of classification or shelving scheme | Dewey Decimal Classification |
| Koha item type | Books |
| Withdrawn status | Lost status | Source of classification or shelving scheme | Damaged status | Not for loan | Home library | Current library | Shelving location | Date acquired | Cost, normal purchase price | Total Checkouts | Full call number | Barcode | Date last seen | Date last checked out | Copy number | Price effective from | Koha item type |
|---|---|---|---|---|---|---|---|---|---|---|---|---|---|---|---|---|---|
| Dewey Decimal Classification | JCC Rouf Library | JCC Rouf Library | General Stacks | 05/08/2023 | 400.00 | 16 | 869.3 COE 2021 | 17685 | 02/09/2026 | 11/11/2025 | C-1 | 05/08/2023 | Books |